000
00251nam a22001097a 4500
999
_c
58067
_d
58064
082
_a
001.424MAR
100
_a
Mariappan
245
_a
Operations research an introduction
260
_a
New Delhi
_b
Pearson education
_c
2013
300
_a
375
942
_c
BK